000 00608nam a2200193Ia 4500
003 GCL
008 140319s9999 xx 000 0 ara d
040 _aGCL /
_cGCL
082 0 4 _a001.6424
_bا و
100 1 _aاسامة الحسينى
245 1 0 _aوورد بيرفكت: Word Perfect /
_cاسامة الحسينى
260 _a[S.N] :
_bدار الراتب الجامعية ،
_c1990
300 _a370 ص
490 _a
650 0 4 _aالحاسبات الالكترونية
650 0 4 _aوورد بيرفكت
650 0 4 _aالحاسبات الالكترونية - برامج
942 _2ddc
_cBK
999 _c49617
_d49617